000 00338cam a22001217a 4500
008 180718b1956 xxu||||| |||| 00| 0 eng d
082 _aA99 N315/M522
100 _aMende, Tibor
245 _aConversations with Mr. Nehru
_cby Tibor Mende
260 _aLondon
_bSecker & Warburg
_c1956
300 _a144p
650 _aIndia -Foreign relations
999 _c415530
_d415530